NFC East Winners (1970-2001) - Statistics

General Stats
  • This quiz has been taken 58 times
  • The average score is 27 of 32
Answer Stats
Year NFC East Winner Record % Correct
2000 New York Giants 12-4
97%
2001 Philadelphia Eagles 11-5
97%
1998 Dallas Cowboys 10-6
94%
1990 New York Giants 13-3
94%
1995 Dallas Cowboys 12-4
91%
1994 Dallas Cowboys 12-4
91%
1999 Washington Redskins 10-6
91%
1991 Washington Redskins 14-2
91%
1996 Dallas Cowboys 10-6
88%
1993 Dallas Cowboys 12-4
88%
1992 Dallas Cowboys 13-3
88%
1997 New York Giants 10-5-1
88%
1989 New York Giants 12-4
88%
1986 New York Giants 14-2
88%
1988 Philadelphia Eagles 10-6
88%
1981 Dallas Cowboys 12-4
85%
1979 Dallas Cowboys 11-5
85%
1978 Dallas Cowboys 12-4
85%
1977 Dallas Cowboys 12-2
85%
1976 Dallas Cowboys 11-3
85%
1980 Philadelphia Eagles 12-4
85%
1987 Washington Redskins 11-4
85%
1984 Washington Redskins 11-5
85%
1983 Washington Redskins 14-2
85%
1982 Washington Redskins 8-1
85%
1985 Dallas Cowboys 10-6
82%
1973 Dallas Cowboys 10-4
79%
1970 Dallas Cowboys 10-4
79%
1971 Dallas Cowboys 11-3
76%
1972 Washington Redskins 11-3
76%
1975 St. Louis Cardinals 11-3
47%
1974 St. Louis Cardinals 10-4
44%
No matching quizzes found
Score Distribution
Percent of People with Each Score
Percentile by Number Answered
Your Score History
You have not taken this quiz